Países más cercanos a las Islas Feroe - Estadísticas

Estadísticas generales
  • Esta prueba ha sido intentada 108 veces
  • La puntuación promedio es 18 de 20
Estadísticas de respuestas
km país % Correcto
284 Reino Unido
99%
987 Dinamarca
98%
1272 Francia
98%
579 Noruega
98%
1137 Países Bajos
98%
1385 Finlandia
97%
670 Irlanda
97%
931 Suecia
97%
1277 Bélgica
95%
434 Islandia
94%
1486 Polonia
94%
1126 Alemania
93%
1705 Rusia
92%
1473 Luxemburgo
89%
1588 Estonia
86%
1631 Letonia
86%
1690 Lituania
85%
1774 Suiza
84%
1691 Chequia
71%
1088 Groenlandia
23%
No se encontraron pruebas coincidentes
Distribución de puntuación
Porcentaje de gente con cada puntuación
Porcentaje por número respondido
Historial de tus puntuaciones
No has intentado esta prueba.